01060nam a22002897a 4500999001700000003000900017005001700026008004100043020001800084040004300102082001900145100003900164245007500203250001900278264007300297300004500370336002600415337002800441338002700469500002000496650003400516653002100550655002400571700003400595942001200629952012900641 c28569d28540EG-ScBUE20200817132326.0100328s2013 ii a f 00010 eng d a9781118546802 aEG-ScBUEbengerdacEG-ScBUEdEG-ScBUE04a006.3bSIV2221 913249aSivanandam, S. N.,eauthor. aPrinciples of Soft Computing /cDr. S. N. Sivanandam, Dr. S. N. Deepa. aFirst edition. 1aNew Delhi, India :bA John Wiley and Sons, Ltd, Publication, c2013. axxiii, 724 pagesbillustrations ;c24 cm 2rdacontentatextbtxt 2rdamediaaunmediatedbn 2rdacarrieravolumebnc aIncludes index. 7913248aSoft computing.2BUEsh bCOMSCIcJuly2020 vReading book9342321 913247aDeepa, S. N.,eauthor. 2ddccBB 00102ddc40708BaccahaMAINbMAINcLOWd2020-08-17ePurchasel0o006.3 SIVp000049450r2025-07-15 00:00:00w2020-08-17yBB